BUBT Library Online Catalog

Organizational Behavior / (Record no. 6725)

000 -LEADER
fixed length control field 00773nam a22002417a 4500
003 - CONTROL NUMBER IDENTIFIER
control field BUBTL
008 - FIXED-LENGTH DATA ELEMENTS--GENERAL INFORMATION
fixed length control field 211124b ||||| |||| 00| 0 eng d
020 ## - INTERNATIONAL STANDARD BOOK NUMBER
International Standard Book Number 9789356064270
082 ## - DEWEY DECIMAL CLASSIFICATION NUMBER
Classification number 658.4/ R534o/ 2022
100 ## - MAIN ENTRY--PERSONAL NAME
9 (RLIN) 98
Personal name Robbins, Stephen P.
245 ## - TITLE STATEMENT
Title Organizational Behavior /
Statement of responsibility, etc. Stephen P. Robbins, Timothy A. Judge, Neharika Vohra
250 ## - EDITION STATEMENT
Edition statement 18th Edn
260 ## - PUBLICATION, DISTRIBUTION, ETC. (IMPRINT)
Place of publication, distribution, etc. India:
Name of publisher, distributor, etc. Pearson,
Date of publication, distribution, etc. c2022
300 ## - PHYSICAL DESCRIPTION
Extent 796 p.:
Dimensions 25 cm.
500 ## - GENERAL NOTE
General note Includes Index
505 ## - FORMATTED CONTENTS NOTE
Formatted contents note Organizational Behavior, Stephen P. Robbins, Timothy A. Judge, Neharika Vohra
650 #0 - SUBJECT ADDED ENTRY--TOPICAL TERM
9 (RLIN) 39
Topical term or geographic name as entry element Management
700 ## - ADDED ENTRY--PERSONAL NAME
9 (RLIN) 4398
Personal name Judge, Timothy A.
700 ## - ADDED ENTRY--PERSONAL NAME
9 (RLIN) 4607
Personal name Vohra, Neharika
856 ## - ELECTRONIC LOCATION AND ACCESS
Password 0
Logon 0
Link text Download
942 ## - ADDED ENTRY ELEMENTS (KOHA)
Source of classification or shelving scheme
Koha item type Books
Holdings
Withdrawn status Lost status Source of classification or shelving scheme Damaged status Not for loan Collection code Permanent location Current location Shelving location Date acquired Source of acquisition Inventory number Total Checkouts Full call number Barcode Date last seen Copy number Price effective from Koha item type Checked out Date last checked out Total Renewals
        Not For Loan Non-fiction Bangladesh University of Business and Technology Library Bangladesh University of Business and Technology Library Management Stacks 08/02/2022 Purchase 28702   658.4/ R534o/ 2022 BUBTL-200328702 08/08/2022 C-1 08/08/2022 Books      
          Non-fiction Bangladesh University of Business and Technology Library Bangladesh University of Business and Technology Library Management Stacks 08/02/2022 Purchase 28703 14 658.4/ R534o/ 2022 BUBTL-200328703 01/30/2024 C-2 08/08/2022 Books 02/06/2024 01/30/2024  
          Non-fiction Bangladesh University of Business and Technology Library Bangladesh University of Business and Technology Library Management Stacks 08/02/2022 Purchase 28704 15 658.4/ R534o/ 2022 BUBTL-200328704 05/26/2024 C-3 08/08/2022 Books   04/21/2024 1
          Non-fiction Bangladesh University of Business and Technology Library Bangladesh University of Business and Technology Library Management Stacks 08/02/2022 Purchase 28705 18 658.4/ R534o/ 2022 BUBTL-200328705 05/26/2024 C-4 08/08/2022 Books   05/21/2024 1
          Non-fiction Bangladesh University of Business and Technology Library Bangladesh University of Business and Technology Library Management Stacks 08/02/2022 Purchase 28706 15 658.4/ R534o/ 2022 BUBTL-200328706 06/01/2024 C-5 08/08/2022 Books   05/23/2024 1

More Information About Library

Library Hours

  • Open: 9.00 am. to 9.00 pm.
  • Only Sunday: 9.00 am. to 6.00 pm.
  • Closed: Holiday

Contact to the University

Bangladesh University of Business and Technology Library

  • Mirpurl-2, 1216.
  • Phone:
  • Fax:
  • E-Mail: admin.library@bubt.edu.bd

Contact to the Library

Contact Person:

Md. Abdul Hakim Shah
Joint Librarian
PABX No:  113
Cell No: 01816332931
E-mail: official: admin.library@bubt.edu.bd
Personal: hakim.shah@bubt.edu.bd


BUBT Library

Copyright © 2021